LEADER 01810nam a2200253 i 4500 001 000000032242 003 CaOOAMICUS 005 20251127125059.0 008 180830s16621664it u000 u ita u 040 $aSeMil$bita 100 0 $aSimone : di S. Paolo.$0(OLS)http://semarc/name/14881 245 10$aRiforma dell'huomo. Opera spirituale del m. rev. padre f. Simone di S. Paolo provinciale de Carmelit.ni Scalzi della provincia di S. Angelo di Lombardia. Insegna il modo di riformare le trè potenze dell'anima memoria, intelletto, & volontà, con l'appetito sensitivo, et sue passioni. Tomo 1. [-2.]. 260 $aIn Como :$bPer Nicolò Caprani :$b[sul tomo 2]... Per li Heredi di Nicolò Caprani,$c1662-1664. 300 $a2 v. ;$c4°. 500 $aIniz., fin., testate xilogr. 500 $aColophon in fine al vol. 2 500 $aStemma calcogr. sui front. 500 $aCors. ; rom. 700 1 $aCaprani, Nicolò,$c.$0(OLS)http://semarc/name/14882 774 0 $aSimone : di S. Paolo$t[Tomo 1].$g1$w()243813 774 0 $aSimone : di S. Paolo$tTomo 2. Contiene il scrutinio spirituale, la disciplina claustrale, le hore pomeridiane, un'instruttione breve per conoscere la vocatione, & naturale di quelli che pretendono il stato religioso, et un sententiario.$g2$w()243814 996 $6245$aRiforma dell'huomo. Opera spirituale del m. rev. padre f. Simone di S. Paolo provinciale de Carmelit.ni Scalzi della provincia di S. Angelo di Lombardia. Insegna il modo di riformare le trè potenze dell'anima memoria, intelletto, & volontà, con l'appetito sensitivo, et sue passioni. Tomo 1. [-2.]$9(OLS)http://semarc/title/43745 996 $6260$aIn Como :$bPer Nicolò Caprani :$b[sul tomo 2]... Per li Heredi di Nicolò Caprani$9(OLS)http://semarc/publisher/39236 LEADER 01224nam a2200241 i 4500 001 000000103011 003 CaOOAMICUS 005 20010912000000.0 008 010912s1936 it u000 u ita u 013 $a75174 040 $aSeMil$bita 100 1 $aSpreti, Vittorio <1887-1950>.$0(OLS)http://semarc/name/3458 245 10$aSaggio di bibliografia araldica italiana /$cVittorio Spreti e Giustiniano Degli Azzi Vitelleschi. 260 $aMilano :$bEnciclopedia storico-nobiliare italiana,$c1936. 300 $aVII, 230 p. 500 $aIn mezzo al front. : Supplemento a 1. Enciclopedia Storico-Nobiliare Italiana. 650 4$aAraldica - Italia - Bibliografia.$0(OLS)http://semarc/subject/18130 700 1 $aDegli Azzi Vitelleschi, Giustiniano.$0(OLS)http://semarc/name/44001 773 0 $tEnciclopedia storico-nobiliare italiana.$dMilano : Enciclopedia storico-nobiliare italiana, 1928-1936.$gSupplemento$w()6608 850 $aSeMil 852 $aSeMil$W1$xVenegono$y1$mSL1.H VIII 27$j59472$B59472$CSeMilBibl$Z2$F43963 $8I 996 $6245$aSaggio di bibliografia araldica italiana$9(OLS)http://semarc/title/149743 996 $6260$aMilano :$bEnciclopedia storico-nobiliare italiana$9(OLS)http://semarc/publisher/31838